| 000 | 00531nam a2200181Ia 4500 | ||
|---|---|---|---|
| 008 | 090123s9999 xx 000 0 und d | ||
| 082 | _b6542 | ||
| 100 | _aपानवलकर श्री. दा. | ||
| 245 | _aऔदुंबर | ||
| 250 | _a1 | ||
| 260 | _bमौज प्रि.ब्यूरो | ||
| 300 | _a206 | ||
| 600 | _aपानवलकर श्री. दा. | ||
| 630 | _aऔदुंबर | ||
| 700 | _aपानवलकर श्री. दा. | ||
| 730 | _aऔदुंबर | ||
| 942 | _cBOOK | ||
| 999 |
_c44607 _d44607 |
||